| 000 | 00709nam a22002057a 4500 | ||
|---|---|---|---|
| 999 |
_c13904 _d13904 |
||
| 003 | AR-CdUCM | ||
| 008 | 190416b ||||| |||| 00| 0 spa d | ||
| 040 |
_aMUNICIPALIDAD PROVINCIAL DEL CUSCO _cBIBLIOTECA MUNICIPAL DEL CUSCO |
||
| 082 |
_a346.3 / _bT22 |
||
| 100 |
_aTaramona Hernández, José Rubén _932514 |
||
| 245 |
_aCódigo civil : _bY la constitución Política del Peru Concordadas / |
||
| 260 |
_aLima : _bLima, _c1987. |
||
| 300 |
_a720 páginas ; _c16 cm. |
||
| 505 | _aContenido: Código civil y la constitución Política del Peru Concordadas. | ||
| 650 |
_aCódigo civil _928051 |
||
| 650 |
_aLegislación _92962 |
||
| 650 |
_aPeru _9429 |
||
| 942 |
_2ddc _cLIBROS |
||
| 945 |
_acmm _d2019-04-16 |
||